50 años de estadísticas educativas

En este libro se ponen a consideración de los lectores las cifras de cincuenta años de estadísticas educativas de Colombia como material de estudio para que su análisis permita responder temas de variadas perspectivas tanto ideológicas como metodológicas

Gespeichert in:
Bibliographische Detailangaben
Körperschaft: Colombia. Departamento Administrativo Nacional de Estadística
Format: Buch
Sprache:Spanish
Veröffentlicht: Bogotá: DANE, 1985
Schlagworte:
Online Zugang:Enlace del recurso
Tags: Tag hinzufügen
Keine Tags, Fügen Sie den ersten Tag hinzu!

MARC

LEADER 00000nam a2200000 a 4500
001 001396
008 041014s1985 ck a fr# o000|0#spa#d
041 0 |a spa 
043 |a s-ck--- 
082 0 4 |a 370.21  |b C545a 
110 1 |a Colombia.  |b Departamento Administrativo Nacional de Estadística 
245 1 0 |a 50 años de estadísticas educativas   |c Departamento Administrativo Nacional de Estadística 
246 1 1 |a Cincuenta años de estadísticas educativas 
260 |a Bogotá:  |b DANE,  |c 1985 
300 |a 126 p.:  |b il., gráf., tabl. 
504 |a Incluye bibliografía. 
520 3 |a En este libro se ponen a consideración de los lectores las cifras de cincuenta años de estadísticas educativas de Colombia como material de estudio para que su análisis permita responder temas de variadas perspectivas tanto ideológicas como metodológicas 
650 1 4 |a COBERTURA EDUCATIVA 
650 1 4 |a ESTADÍSTICA EDUCATIVA  |z COLOMBIA 
999 |c 3548  |d 3548 
856 |u https://catalogo.idep.edu.co/cgi-bin/koha/opac-detail.pl?biblionumber=3548  |z Enlace del recurso